| 000 | 01435cam a2200349 a 4500 | ||
|---|---|---|---|
| 999 |
_c127349 _d127349 |
||
| 001 | 15580477 | ||
| 003 | ARRUPE | ||
| 005 | 20180111115945.0 | ||
| 008 | 090109s2009 enk b 001 0 eng | ||
| 010 | _a 2009000060 | ||
| 015 |
_aGBA915138 _2bnb |
||
| 016 | 7 |
_a014903728 _2Uk |
|
| 020 | _a9780521867474 (alk. paper) | ||
| 020 | _a0521867479 (alk. paper) | ||
| 020 | _a9780521687096 (pbk. : alk. paper) | ||
| 020 | _a0521687098 (pbk. : alk. paper) | ||
| 035 | _a(OCoLC)ocn268793374 | ||
| 040 |
_aDLC _cDLC _dBTCTA _dYDXCP _dUKM _dC#P _dBWX _dCDX _dKSU _dDLC |
||
| 050 | 0 | 0 |
_aPR9369.3.C58 _bZ675 2009 |
| 082 | 0 | 0 |
_a823/.914 _222 |
| 100 | 1 |
_aHead, Dominic. _938373 |
|
| 245 | 1 | 4 |
_aThe Cambridge introduction to J.M. Coetzee / _cDominic Head. |
| 246 | 3 | 0 | _aIntroduction to J.M. Coetzee |
| 246 | 3 | 0 | _aJ.M. Coetzee |
| 260 |
_aCambridge ; _aNew York : _bCambridge University Press, _c2009. |
||
| 300 |
_axii, 115 p. ; _c23 cm. |
||
| 490 | 1 | _aCambridge introductions to literature | |
| 504 | _aIncludes bibliographical references (p. 107-112) and index. | ||
| 600 | 1 | 0 |
_aCoetzee, J. M., _d1940- _xCriticism and interpretation. _9295 |
| 830 | 0 |
_aCambridge introductions to literature. _938374 |
|
| 906 |
_a7 _bcbc _corignew _d1 _eecip _f20 _gy-gencatlg |
||
| 942 |
_2lcc _cMONOGRAPH |
||